Top Husbandos Anime - Statistiques

Statistiques générales
  • Ce quiz a été pris 247 fois
  • Le résultat moyen est 39 sur 100
Statistiques - réponses
Hint Réponse % Correct
Naruto Sasuke
96%
Fairy Tail Natsu
89%
Jujutsu Kaisen Gojo
87%
One Piece Zoro
87%
Fairy Tail Grey
85%
Naruto Naruto
85%
Bleach Ichigo
83%
Shingeki no Kyojin Livai
81%
Tokyo Ghoul Ken
80%
Tokyo Revengers Mickey
80%
Hunter x Hunter Hisoka
78%
One Piece Sanji
78%
Bleach Gin
77%
Shingeki no Kyojin Eren
76%
Death Note Light
76%
Dragon Ball Z Goku
74%
MHA Bakugo
73%
Hunter x Hunter Killua
73%
MHA Shoto
69%
Dragon Ball Z Vegeta
66%
Naruto Itachi
65%
Jujutsu Kaisen Megumi
65%
Naruto Kakashi
64%
Blue Exorcist | Free! Rin
64%
Tokyo Revengers Draken
60%
Berserk Guts
60%
Fullmetal Alchemist Edward
55%
One Punch Man Saitama
55%
Jujutsu Kaisen Sukuna
53%
Kuroko no Basket Aomine
52%
The Seven Deadly Sins Ban
52%
Assassination Classroom Karma
52%
The Seven Deadly Sins Meliodas
52%
Jojo's Bizarre Adventure Jotaro
50%
SAO Kirito
49%
Black Butler Sebastian
49%
Demon Slayer Tengen
49%
Food Wars Soma
48%
Bleach Aizen
46%
One Punch Man Genos
45%
One Piece Shanks
45%
Fairy Tail Luxus
44%
Kuroko no Basket Kagami
41%
Kuroko no Basket Kise
40%
Kuroko no Basket Akashi
39%
Angel Beats Hinata
39%
Code Geass Lelouch
38%
Bungo Stray Dogs Dazai
37%
MHA Dabi
36%
Black Clover Yuno
36%
Gintama Gintoki
35%
One Piece Law
35%
Inuyasha Inuyasha
34%
Demon Slayer Tomioka
31%
Fairy Tail Sting
30%
Black Clover Yami
30%
Noragami Yato
30%
Fairy Tail Jellal
29%
Fairy Tail Zeleph
27%
Naruto Madara
26%
Fairy Tail Rogue
26%
Fullmetal Alchemist Roy
25%
Haikyuu Oikawa
22%
Berserk Griffith
21%
Horimiya Miyamura
21%
Kuroko no Basket Murasakibara
20%
Vampire Knight Zero
20%
Bleach Byakuya
19%
Fairy Tail Gadjil
17%
Fire Force Benimaru
16%
Free! Haruka
15%
Yuri on Ice Victor
15%
Bleach Grimmjow
14%
Jojo's Bizarre Adventure Josuke
14%
Bleach Renji
14%
One Piece Crocodile
13%
The God of High School Jin
13%
Magi Sinbad
13%
Fate Archer
12%
Fate Gilgamesh
12%
Vampire Knight Kaname
12%
Ao Haru Ride Kou
12%
Hunter x Hunter Lucifer
12%
The Rising of the Shield Hero Naofumi
11%
Cowboy Bebop Spike
11%
Bleach Urahara
11%
Fate Zero Lancer
9%
Free! Makoto
9%
Bleach Toshiro
8%
Hyouka Oreki
7%
Owari no Seraph Mikaela
5%
Inuyasha Sesshomaru
5%
Fullmetal Alchemist Envy
4%
Clannad Tomoya
4%
Owari no Seraph Ichinose
3%
Psycho Pass Kogami
3%
Psycho Pass Makishima
3%
Gintama Takasugi
2%
Bleach Shunsui
1%
Aucun quiz correspondant
Distribution des résultats
% des personnes avec chaque résultat
Percentile par nombre de réponses
Votre historique - résultats
Vous n’avez pas pris ce quiz